История науки и техники: Хрестоматия для студентов всех факультетов дневного обучения

Bibliographic Details
Corporate Author: Томский политехнический университет (ТПУ)
Other Authors: Петрик В. В. Валерий Владимирович (составитель), Силаев А. П. Анатолий Петрович
Language:Russian
Published: Томск, Изд-во ТПУ, 1999
Subjects:
Format: Book
KOHA link:https://koha.lib.tpu.ru/cgi-bin/koha/opac-detail.pl?biblionumber=11475

MARC

LEADER 00000nam0a2200000 4500
001 11475
005 20231101204756.0
035 |a (RuTPU)RU\TPU\book\11546 
035 |a BOOK00011612 
090 |a 11475 
100 |a 20011209d1999 m y0rusy50 ca 
101 0 |a rus 
102 |a RU 
105 |a y j 000zy 
200 1 |a История науки и техники  |e Хрестоматия для студентов всех факультетов дневного обучения  |f Томский политехнический университет ; сост.: В. В. Петрик ; А. П. Силаев 
210 |a Томск  |c Изд-во ТПУ  |d 1999 
215 |a 88 с. 
606 1 |a Техника  |x История  |2 stltpush  |3 (RuTPU)RU\TPU\subj\68282  |9 83710 
606 1 |a Наука  |x История  |2 stltpush  |3 (RuTPU)RU\TPU\subj\45075  |9 64337 
610 1 |a учебные пособия 
610 1 |a хрестоматии 
610 1 |a труды учёных ТПУ 
610 1 |a методология 
675 |a 62(09)  |v 3 
686 |a Ч213я73  |v LBC/SL-A  |2 rubbk 
702 1 |a Петрик  |b В. В.  |c историк  |c профессор Томского политехнического университета, доктор исторических наук  |f 1960-  |g Валерий Владимирович  |2 stltpush  |3 (RuTPU)RU\TPU\pers\25435  |4 220 
702 1 |a Силаев  |b А. П.  |c историк  |c доцент Кафедры истории и регионоведения Томского политехнического университета  |g Анатолий Петрович  |2 stltpush  |3 (RuTPU)RU\TPU\pers\26638  |4 220 
712 0 2 |a Томский политехнический университет (ТПУ)  |c (1991-2009)  |2 stltpush  |3 (RuTPU)RU\TPU\col\376 
801 0 |a RU  |b 63413507  |c 20011209  |g PSBO 
801 2 |a RU  |b 63413507  |c 20160325  |g PSBO 
942 |c BK